书目信息 |
| 书名: | An introduction to the philosophy of religion | |
| 作者: | William J. Abraham. | |
| 分册号: | ||
| 分册名: | 出版地: | Englewood Cliffs, N.J. : |
|
| 出版社: | Prentice-Hall | |
| 出版时间: | c1985. | |
| 页数: | xiii, 258 p. ; | |
| 开本: | 23 cm. | |
| 丛书名: | ||
| 中图分类号: | ||
| 科图分类号: | ||
| 其他分类号: | B920 | |
| 主题词: | ||
| 电子资源: | ||
| 000 | 00845pam a2200265 a 450 | |
| 001 | E0763170794 | |
| 005 | 20070401173600.34 | |
| 008 | 840622s1985 nju b 001 0 eng | |
| 010 | @a84013446 | |
| 020 | @a0134918878. | |
| 035 | @A(DLC) 84013446 | |
| 040 | @aDLC@cDLC@dDLC | |
| 050 | 00 | @aBL53@b.A24 1985 |
| 082 | 00 | @a200/.1@2 19 |
| 090 | @aB920 | |
| 099 | @dB920@ex4 | |
| 100 | 1 | @aAbraham, William J.@q(William James),@d1947- |
| 245 | 13 | @aAn introduction to the philosophy of religion / @cWilliam J. Abraham. |
| 260 | @aEnglewood Cliffs, N.J. :@bPrentice-Hall,@cc1985. | |
| 300 | @axiii, 258 p. ;@c23 cm. | |
| 500 | @aIncludes index. | |
| 504 | @aBibliography: p. 252-253. | |
| 650 | 0 | @aReligion@xPhilosophy. |
| 906 | @a7@bcbc@corignew@d1@eocip@f19@gy-gencatlg | |
| 991 | @bc-GenColl@hBL53@i.A24 1985@p00018439529@tCopy 1@wBOOKS | |
| An introduction to the philosophy of religion / / William J. Abraham.-Englewood Cliffs, N.J. : : Prentice-Hall, , c1985. |
| xiii, 258 p. ; ; 23 cm. |
| Includes index.-Bibliography: p. 252-253. |
| ISBN 0134918878. |
| ● |
| 相关链接 |
|
|
|
|
正题名:introduction to the philosophy of religion
索取号:B920/x4
 
预约/预借
| 序号 | 登录号 | 条形码 | 馆藏地/架位号 | 状态 | 备注 |
| 1 | 0003893 | 300038938 | 第二样本阅览室/ [索取号:B920/x4] | 在馆 |